000 00437nam a2200181Ia 4500
001 17173
005 20260306170405.0
008 260306t1998||||xx |||||||||||||| ||und||
041 _aESP
082 _a657.48
_bM88
100 _aMott, Graham
_eAUT
245 0 _aContabilidad de gestión para tomar decisiones
260 _c1998
300 _a275 páginas :
_c23 cm.
650 _aGEN
654 _aCCO
942 _cLIB
_dJUS
_fJUS
_2ddc
_n
999 _c17173
_d17173